000
00219nam a22000857a 4500
008
160630b xxu||||| |||| 00| 0 eng d
100
_9
1587
_a
Dreamland Publication
245
_a
Hop O'my Thumb
260
_a
New delhi
_b
M/S Arya
999
_c
1314
_d
1314